| 000 | 01038nas a2200361 4500 | ||
|---|---|---|---|
| 001 | BR0201913 | ||
| 003 | BR-BrBNA | ||
| 005 | 20231205102854.0 | ||
| 007 | ta | ||
| 008 | 230509b bl.|||p| |||| 00| 00por d | ||
| 040 |
_aBR-BrBNA _bpor _cBiblioteca Nacional de Agricultura |
||
| 041 | _a(En) | ||
| 072 | _aF30 | ||
| 100 | 1 | _aEnéas-Filho, J. | |
| 100 | 1 | _aBarbosa, G.K. da C. | |
| 100 | 1 | _aSudério, F.B. | |
| 100 | 1 | _aPrisco, J.T. | |
| 100 | 1 | _aGomes-Filho, E. | |
| 245 | 1 | _aIsolation and partial purification of B-Galactosidases from cotyledons of two cowpea cultivars | |
| 650 | _aFEIJÃO DE CORDA | ||
| 650 | _aENZIMA | ||
| 650 | _aVARIEDADE | ||
| 650 | _aISOLAMENTO | ||
| 650 | _aPURIFICAÇÃO | ||
| 650 | _aSALINIDADE | ||
| 650 | _aSTRESS | ||
| 650 | _aCOTILEDONE | ||
| 650 | _aSEMENTE | ||
| 650 | _aGOIÁS | ||
| 773 | 0 |
_tRevista Brasileira de Fisiologia Vegetal (Brazil) _xISSN 0103-3131 _g(Dec 2001), v. 13(3) p. 251-261 _wBR0201913 |
|
| 909 |
_a202311 _bLúcia _c55 _dLúcia Elande |
||
| 942 |
_2AGRIS _n0 _cANA |
||
| 999 |
_c169816 _d169816 |
||